| 000 | 00424nam a22001817a 4500 | ||
|---|---|---|---|
| 003 | MPLRDC | ||
| 005 | 20220104142615.0 | ||
| 008 | 210129b ||||| |||| 00| 0 eng d | ||
| 020 | _a7-80523-147-8 | ||
| 082 | _a857.48 MBS | ||
| 100 | _a梦笔生 | ||
| 245 |
_a金屋梦 _c |
||
| 250 | _a一版一刷 | ||
| 260 |
_a _b巴蜀书社 _c1988 |
||
| 300 | _b平 | ||
| 650 | _a话本小说及章回 | ||
| 942 |
_cBK _o857.48 MBS |
||
| 999 |
_c32251 _d32241 |
||